Welcome to the Holygrace Academy Library

Please use search bar below to get started

NOOTTIPATHINONNU UPANYASANGAL (Record no. 8583)

MARC details
000 -LEADER
fixed length control field 00429nam a22001577a 4500
020 ## - INTERNATIONAL STANDARD BOOK NUMBER
ISBN 978-93-83080-39-7
082 ## - DEWEY DECIMAL CLASSIFICATION NUMBER
Classification number 894.812
Item number KOT/N
100 ## - MAIN ENTRY--AUTHOR NAME
Personal name KOTTUKKAL, THULASI
245 ## - TITLE STATEMENT
Title NOOTTIPATHINONNU UPANYASANGAL
246 ## - VARYING FORM OF TITLE
Title proper/short title NOOTTIPATHINONNU UPANYASANGAL
Remainder of title NOOTTIPATHINONNU UPANYASANGAL
260 ## - PUBLICATION, DISTRIBUTION, ETC. (IMPRINT)
Place of publication THRISSUR
Name of publisher H&C
Year of publication 2022
300 ## - PHYSICAL DESCRIPTION
Number of Pages 260
520 ## - SUMMARY, ETC.
Summary, etc MALAYALAM UPANYASANGAL
650 ## - SUBJECT ADDED ENTRY--TOPICAL TERM
Topical Term MALAYALAM UPANYASANGAL
942 ## - ADDED ENTRY ELEMENTS (KOHA)
Koha item type Books
Holdings
Withdrawn status Lost status Collection code Home library Current library Shelving location Date acquired Source of acquisition Cost, normal purchase price Full call number Accession Number Koha item type
    Reference Main Library Main Library NEW SHELF WITH NEW ENTRY 27/09/2023 PURCHASED 220.00 894.812 KOT/N 12871 Books